5HLuxD.jpg

KING HENRY VIII SENIOR AND PRIMARY SCHOOL LIBRARY OPAC

CHILDREN'S ENCYCLOPEDIA DINOSAURS AND PREHISTORIC LIFE (Record no. 4445)

000 -LEADER
fixed length control field 00355nam a22001217a 4500
008 - FIXED-LENGTH DATA ELEMENTS--GENERAL INFORMATION
fixed length control field 250218b ||||| |||| 00| 0 eng d
020 ## - INTERNATIONAL STANDARD BOOK NUMBER
International Standard Book Number 9781782091103
082 ## - DEWEY DECIMAL CLASSIFICATION NUMBER
Classification number 567 KEL
100 ## - MAIN ENTRY--PERSONAL NAME
Personal name KELLY,MILES
Relator term AUTHORCHILDREN'S
245 ## - TITLE STATEMENT
Title CHILDREN'S ENCYCLOPEDIA DINOSAURS AND PREHISTORIC LIFE
260 ## - PUBLICATION, DISTRIBUTION, ETC.
Place of publication, distribution, etc. HARDING BARN
Name of publisher, distributor, etc. MILES KELLY PUBLISHING LTD
942 ## - ADDED ENTRY ELEMENTS (KOHA)
Source of classification or shelving scheme
Holdings
Withdrawn status Lost status Source of classification or shelving scheme Damaged status Not for loan Collection code Permanent Location Current Location Shelving location Date acquired Total Checkouts Full call number Barcode Date last seen Date last checked out Price effective from Koha item type Public note
          Non-Fiction KH8 Primary School Library KH8 Primary School Library Non Fiction 2025-02-18 3 567 KEL KHPL000006218 2025-12-05 2025-06-05 2025-02-18 Books - Non Ficton KH8 PRIMARY LIBRARY

Powered By KH8 IT Dept